000
00355 a2200169 4500
001
157100
020
_a
9788573193166
040
_c
Escola São Tomás de Aquino
100
_a
PONTES, Hidelbrando
240
1
0
_a
Eu
_l
por
245
1
0
_a
Eu
300
_a
24 p.
362
0
_a
2007
440
1
_a
Dimensão
697
_a
*LITERATURA INFANTIL
942
_c
BK
999
_c
157100
_d
157100